Steve Jobs (Record no. 120979)

MARC details
000 -LEADER
fixed length control field 00820nam a2200253 i 4500
001 - CONTROL NUMBER
control field C2-0320285
003 - CONTROL NUMBER IDENTIFIER
control field PPAK
005 - DATE AND TIME OF LATEST TRANSACTION
control field 20180728115755.0
008 - FIXED-LENGTH DATA ELEMENTS--GENERAL INFORMATION
fixed length control field 121218s2011 nyuo|||| ||||| | eng d
020 ## - INTERNATIONAL STANDARD BOOK NUMBER
International Standard Book Number 9781451648539
040 ## - CATALOGING SOURCE
Original cataloging agency PPAK
Language of cataloging eng
Transcribing agency PPAK
Description conventions rda
082 04 - DEWEY DECIMAL CLASSIFICATION NUMBER
Classification number 621.39092
Edition number 23
090 00 - LOCALLY ASSIGNED LC-TYPE CALL NUMBER (OCLC); LOCAL CALL NUMBER (RLIN)
Classification number (OCLC) (R) ; Classification number, CALL (RLIN) (NR) 621.39092
Feature heading ISA
Feature heading R
100 1# - MAIN ENTRY--PERSONAL NAME
Personal name Isaacson, Walter,
Relator term author
245 10 - TITLE STATEMENT
Title Steve Jobs
264 #1 - PRODUCTION, PUBLICATION, DISTRIBUTION, MANUFACTURE, AND COPYRIGHT NOTICE
Place of production, publication, distribution, manufacture New York :
Name of producer, publisher, distributor, manufacturer Simon & Schuster ,
Date of production, publication, distribution, manufacture, or copyright notice 2011
300 ## - PHYSICAL DESCRIPTION
Extent xxi, 630 pages :
Other physical details photographs ;
Dimensions 25 cm
336 ## - CONTENT TYPE
Source rdacontent
Content type term text
337 ## - MEDIA TYPE
Source rdamedia
Media type term unmediated
338 ## - CARRIER TYPE
Source rdacarrier
Carrier type term volume
500 ## - GENERAL NOTE
General note Includes bibliographical references and index.
650 10 - SUBJECT ADDED ENTRY--TOPICAL TERM
Topical term or geographic name entry element Jobs, Steve, - 1955-2011. ; Businesspeople - United States - Biography. ; Computer engineers - United States - Biography.
942 ## - ADDED ENTRY ELEMENTS (KOHA)
-- dc
Koha item type Book
Holdings
Withdrawn Not for loan Current library Shelving location Date acquired Full call number Barcode Date last seen Koha item type
  Not For Loan Perpustakaan Alor Setar Rujukan Dewasa 31/12/2012 R 621.39092 ISA A01411221 09/05/2018 Book
  Not For Loan Perpustakaan Alor Setar Rujukan Dewasa 31/12/2012 R 621.39092 ISA A01411222 09/05/2018 Book
  Not For Loan Perpustakaan Awam Sungai Petani Rujukan Dewasa 31/12/2012 R 621.39092 ISA A01411223 09/05/2018 Book
  Not For Loan Perpustakaan Baling Rujukan Dewasa 31/12/2012 R 621.39092 ISA A01411226 09/05/2018 Book
  Not For Loan Perpustakaan Bandar Baharu Rujukan Dewasa 03/01/2013 R 621.39092 ISA A01411403 09/05/2018 Book
  Not For Loan Perpustakaan Jitra Rujukan Dewasa 31/12/2012 R 621.39092 ISA A01411224 09/05/2018 Book
  Not For Loan Perpustakaan Kulim Rujukan Dewasa 31/12/2012 R 621.39092 ISA A01411225 09/05/2018 Book
  Not For Loan Perpustakaan Langkawi Rujukan Dewasa 03/01/2013 R 621.39092 ISA A01411402 09/05/2018 Book
  Not For Loan Perpustakaan Merbok Rujukan Dewasa 31/12/2012 R 621.39092 ISA A01411227 09/05/2018 Book
  Not For Loan Perpustakaan Pendang Rujukan Dewasa 24/05/2016 R 621.39092 ISA A00878284 09/05/2018 Book
  Not For Loan Perpustakaan Sik Rujukan Dewasa 24/05/2016 R 621.39092 ISA A00878283 09/05/2018 Book